000 00740nam a2200169Ia 4500
008 090711s9999 xx 000 0 und d
082 _b69824
100 _aगुंदेकर श्रीराम
245 _aमहात्मा ज्योतिबा फुले विSाार आणि वाड्मय
260 _c1992
300 _a284
600 _aगुंदेकर श्रीराम
630 _aमहात्मा ज्योतिबा फुले विSाार आणि वाड्मय
700 _aगुंदेकर श्रीराम
730 _aमहात्मा ज्योतिबा फुले विSाार आणि वाड्मय
942 _cBOOK
999 _c316491
_d316491